000 00328 a2200133 4500
003 Nust
005 20170207164335.0
020 _a0-19-514252-7
040 _cNust
100 _aAdel S. S e d r a
245 _aMICROELECTRONIC CIRCUITS (E BOOK)
_cAdel S. S e d r a
260 _aNew York
_bOxford University Press
_c2004
300 _a695p
942 _2ddc
_cBK
999 _c208683
_d208683